|
|
|
|
| LEADER |
00000nam0a2200000 4500 |
| 001 |
301265 |
| 005 |
20231102001402.0 |
| 035 |
|
|
|a (RuTPU)RU\TPU\book\326437
|
| 090 |
|
|
|a 301265
|
| 100 |
|
|
|a 20150728d1982 m y0rusy50 ca
|
| 101 |
0 |
|
|a rus
|
| 102 |
|
|
|a UA
|
| 105 |
|
|
|a a j 000zy
|
| 200 |
1 |
|
|a Флюсы и проволоки сплошного сечения для механизированных способов сварки сталей
|e курс лекций для специалистов-сварщиков
|f Д. М. Кушнерев
|g Академия наук Украинской ССР (АН УССР), Институт электросварки им. Е. О. Патона (ИЭС)
|
| 210 |
|
|
|a Киев
|c Наукова думка
|d 1982
|
| 215 |
|
|
|a 63 с.
|c ил.
|
| 606 |
1 |
|
|a Сварка автоматическая
|2 stltpush
|3 (RuTPU)RU\TPU\subj\53922
|9 72086
|
| 610 |
1 |
|
|a флюсы
|
| 610 |
1 |
|
|a проволочки
|
| 610 |
1 |
|
|a стали
|
| 610 |
1 |
|
|a керамические флюсы
|
| 610 |
1 |
|
|a изготовление
|
| 610 |
1 |
|
|a стержни
|
| 610 |
1 |
|
|a пластины
|
| 610 |
1 |
|
|a учебные пособия
|
| 675 |
|
|
|a 621.791.7(075.8)
|v 4
|
| 700 |
|
1 |
|a Кушнерев
|b Д. М.
|g Даниил Матвеевич
|
| 712 |
0 |
2 |
|a Академия наук Украинской ССР (АН УССР)
|b Институт электросварки им. Е. О. Патона (ИЭС)
|c (Киев)
|2 stltpush
|3 (RuTPU)RU\TPU\col\13726
|
| 801 |
|
1 |
|a RU
|b 63413507
|c 20150728
|
| 801 |
|
2 |
|a RU
|b 63413507
|c 20170808
|g RCR
|
| 942 |
|
|
|c BK
|